000 00211nam a22000857a 4500
008 170111b xxu||||| |||| 00| 0 eng d
100 _92326
_aWadhwan.V.etal.
245 _aComputer-2
260 _aNew Delhi
_bRachna
_c2010
999 _c5259
_d5259